| 000 | 00636nam a2200205 i 4500 | ||
|---|---|---|---|
| 001 | 106404 | ||
| 003 | ES-MaACL | ||
| 005 | 20230906184133.0 | ||
| 007 | t| | ||
| 008 | 061110s1993 fr ||||1| fre d | ||
| 020 | _a2-501-01990-3 | ||
| 080 | _a949.71"1991/..." | ||
| 100 | 1 |
_aFéron, Bernard. _950218 |
|
| 245 | 1 | 0 |
_aYougoslavie, origines d'un clonflit / _cBernard Féron. |
| 260 |
_a[S.l.] : _bLe Monde, _c[1993] |
||
| 300 |
_a178 p. : _bil. ; _c18 cm. |
||
| 500 | _aBiblioteca Jacinto Martínez Lacalle. | ||
| 650 | 4 |
_aGuerra de Yugoslavia, 1991-1995- _xCausas y antecedentes. _913196 |
|
| 852 |
_aES-MaACL _jE-11387 _bR.139133 |
||
| 999 |
_c106404 _d106404 |
||